Statistics for Asian Countries With Few Land Borders

Click here to take the quiz!

General Stats

  • This quiz has been taken 198 times
    (158 since last reset)
  • The average score is 16 of 20

Answer Stats

Answer% Correct
Sri Lanka*
95%
South Korea
94%
Japan
90%
Bahrain*
89%
Philippines
89%
Taiwan
89%
Yemen
89%
Maldives
85%
Qatar
85%
Singapore
85%
Brunei
84%
Bhutan
81%
Kuwait
80%
Nepal
79%
Mongolia
77%
United Arab Emirates
75%
East Timor
74%
Bangladesh
67%
Cyprus
59%
Lebanon
55%

Score Distribution

Percentile by Number Answered

Percent of People with Each Score

Your Score History

You have not taken this quiz since the last reset